Countries with Only ONE Border-Sudden Death - Statistics

General Stats
  • This quiz has been taken 94 times
    58 since last reset
  • The average score is 11 of 17
Answers on the Grid
Answers color-coded by a green-red scale on the quiz's grid according to % correct below.
Canada
Denmark
Haiti
Portugal
Singapore
Madagascar
Dominican Republic
South Korea
Lesotho
North Korea
Vatican City
San Marino
Luxembourg
Liechtenstein
Monaco
Gambia
Brunei
Papua New Guinea
Indonesia
Qatar
United Kingdom
Iceland
Andorra
Bhutan
Eswatini
Panama
East Timor
Japan
Solomon Islands
Jamaica
United States
Ireland
 
Answer Stats
Answer % Correct
Vatican City
81%
Canada
68%
Monaco
68%
Portugal
68%
San Marino
68%
South Korea
68%
United Kingdom
65%
Denmark
61%
East Timor
61%
Ireland
61%
Brunei
58%
Dominican Republic
58%
Haiti
58%
Lesotho
58%
Gambia
52%
Papua New Guinea
52%
Qatar
52%
No matching quizzes found
Score Distribution
Percent of People with Each Score
Percentile by Number Answered
Your Score History
You have not taken this quiz since the last reset